Balathkaram Cheyyappedunna Manassu (Record no. 218974)

MARC details
000 -LEADER
fixed length control field 00451nam a2200193Ia 4500
008 - FIXED-LENGTH DATA ELEMENTS--GENERAL INFORMATION
fixed length control field 240823s9999||||xx |||||||||||||| ||und||
020 ## - INTERNATIONAL STANDARD BOOK NUMBER
International Standard Book Number 81-240-1819-7
082 ## - DEWEY DECIMAL CLASSIFICATION NUMBER
-- 150 Q3
100 ## - MAIN ENTRY--PERSONAL NAME
Personal name Johnson Eyeroor
245 #0 - TITLE STATEMENT
Title Balathkaram Cheyyappedunna Manassu
250 ## - EDITION STATEMENT
Edition statement 1st
260 ## - PUBLICATION, DISTRIBUTION, ETC. (IMPRINT)
Date of publication, distribution, etc 2013
Name of publisher, distributor, etc Current Book
500 ## - GENERAL NOTE
General note YES
650 ## - SUBJECT ADDED ENTRY--TOPICAL TERM
Topical term or geographic name as entry element Psychology
942 ## - ADDED ENTRY ELEMENTS (KOHA)
Item type Books
Holdings
Withdrawn status Lost status Damaged status Permanent location Current location Shelving location Date acquired Source of acquisition Cost, normal purchase price Full call number Barcode Date last seen Koha item type
      CENTRAL LIBRARY, NOORUL ISLAM CENTRE FOR HIGHER EDUCATION CENTRAL LIBRARY, NOORUL ISLAM CENTRE FOR HIGHER EDUCATION   10/13/2014 Current Book House 50.00 150 Q3 68338 08/23/2024 Books
Visitors:
Copyright © 2024 Central Library NICHE.  All rights reserved.